00480nam a22001457a 4500008004100000020001800041050002200059245008900081300003200170504005100202650001800253700002000271700002300291700002000314260612b |||||||| |||| 00| 0 eng d a9780123822000 aRA 651b.E65 2010 aEpidemiology and demography in public health /cedited by Japhet Killewo...[et al.]. axv, 492p, :bill. ;c26 cm. aincludes bibliographical references and index. aEpidemiology. aKillewo, Japhet aHeggenhougen, H.K. aQuah, Stella R.